000 00619nam a2200217Ia 4500
005 20241216011039.0
008 190212s9999||||xx |||||||||||||| ||und||
082 _a657.42
_bB71
100 _aBOLAND, ROBERT Y OTRO
245 0 _aHABLEMOS DE COSTES Y DE PRECIOS DE COSTE
250 _a0
260 _aBARCELONA-ESPAÑA
_bTECNICOS ASOCIADOS
_c1976
300 _a159 pag
_c24 cm
341 _h0
490 _v0
_a0
505 _aINTRODUCCION-CONTABILIDAD/SIGNIFICACION-COSTE
541 _aD
_bEMBAJADA DE ESPAÑA
_d18-Nov-93
_oSoles
650 _aCIENCIAS APLICADAS
856 _zCiencias Aplicadas
942 _cLIBRO
999 _c31179
_d31179